| 000 | 00809nam a2200229 i 4500 | ||
|---|---|---|---|
| 001 | 177561 | ||
| 003 | ES-MaACL | ||
| 005 | 20250717142014.0 | ||
| 007 | t| | ||
| 008 | 110401s1976 sp r ||||1| spa d | ||
| 020 | _a84-312-0151-7 | ||
| 080 | _a94(460)"1936/1939"(093.3) | ||
| 100 | 1 |
_aPelegri Alegret, Sebastián. _9145940 |
|
| 245 | 1 | 0 |
_aTres días de marzo, tres días de abril _ / _cSebastián Pelegri Alegret. |
| 260 |
_aMadrid : _bG. del Toro, _cD. L. 1976. |
||
| 300 |
_a349 p. ; _c21 cm. |
||
| 490 | 1 |
_aMemorias de la guerra civil española 1936-39 ; _v34 |
|
| 651 | 4 |
_aEspaña- _xHistoria- _y1936-1939, Guerra civil- _vRelatos personales. _98326 |
|
| 830 | 0 | 0 |
_aMemorias de la guerra civil española 1936-39 _v34 _9181851 |
| 852 |
_aES-MaACL _jE-14776 _xOlim P-1031 |
||
| 999 |
_c177561 _d177561 |
||